Narysowane Flagi #1 - Statystyki

Ogólne statystyki
  • Ten quiz został rozwiązany 155 razy
  • Średni wynik to 15 z 16
Statystyki odpowiedzi
Obrazkowy Odpowiedź % Poprawnych
Polska
100%
Stany Zjednoczone
100%
Brazylia
99%
Kanada
99%
Niemcy
99%
Francja
98%
Japonia
98%
Rosja
98%
Szwecja
97%
Grecja
96%
Estonia
94%
Łotwa
92%
Bośnia i Hercegowina
91%
Chile
90%
Maroko
84%
Kuba
82%
Nie znaleziono quizów pasujących do podanych kryteriów
Rozkład punktacji
Procent ludzi z każdym wynikiem
Percentyl według liczby udzielonych odpowiedzi
Twoja historia wyników
Nie rozwiązałeś tego quizu